Statistics for US States Presidents are From

Click here to take the quiz!

General Stats

  • This quiz has been taken 62 times
  • The average score is 17 of 20

Answer Stats

# State % Correct
8Virginia
100%
5New York
98%
1California
96%
7Ohio
96%
1Pennsylvania
96%
2Texas
96%
4Massachusetts
94%
1Kentucky
92%
1Georgia
92%
1Illinois
88%
1New Jersey
88%
2Vermont
87%
1Arkansas
85%
3North Carolina
83%
1New Hampshire
83%
1Connecticut
75%
1Hawaii
73%
1Iowa
69%
1Missouri
69%
1Nebraska
65%

Score Distribution

Percentile by Number Answered

Percent of People with Each Score

Your Score History

You have not taken this quiz